Teoretické a praktické problémy konštrukcie regionálnej matice spoločenského účtovníctva

Informácia o zámeroch a cieľoch dizertačnej práce, obhajoba ktorej sa konala dňa 13.9. 2007

Guardado en:
Detalles Bibliográficos
Autor principal: Macák, Michal
Formato: Capítulo de libro
Lenguaje:eslovaco
Materias:
Etiquetas: Agregar Etiqueta
Sin Etiquetas, Sea el primero en etiquetar este registro!

MARC

LEADER 00000naa$a2200000$$$4500
001 0075656
005 20240429121619.3
041 0 |a slo 
044 |a SK 
245 1 0 |a Teoretické a praktické problémy konštrukcie regionálnej matice spoločenského účtovníctva  |c Michal Macák 
520 |a Informácia o zámeroch a cieľoch dizertačnej práce, obhajoba ktorej sa konala dňa 13.9. 2007 
610 2 0 |a práce kvalifikačné 
610 2 0 |a modely maticové 
610 2 0 |a účtovníctvo 
100 1 |a Macák, Michal